Score 0/9 Timer 01:30
1 Play Today
Hint Answer % Correct
PParis
86.3%
LLondon
86.2%
RRome
70.5%
OOslo
69%
SStockholm
48%
CCairo
41.2%
IIslamabad
34.6%
NNew Delhi
28.4%
GGuatemala City
16.1%
Remove Ads.
Support Sporcle.
Get the best of Sporcle when you Go Orange. This ad-free experience offers more features, more stats, and more fun while also helping to support Sporcle. Thank you for becoming a member.

You're not logged in!

Compare scores with friends on all Sporcle quizzes.
OR
Log In

Show Comments

Extras

Top Quizzes Today


Score Distribution

Your Account Isn't Verified!

In order to create a playlist on Sporcle, you need to verify the email address you used during registration. Go to your Sporcle Settings to finish the process.

Report this User

Report this user for behavior that violates our Community Guidelines.

Details: